Los derechos al honor, a la intimidad personal y familiar y a la propia imagen del menor

Tallennettuna:
Bibliografiset tiedot
Päätekijä: Lorente López, María Cristina (Tekijä)
Aineistotyyppi: Kirja
Kieli:espanja
Julkaistu: Pamplona Aranzadi S.A 2015
Painos:1a. ed
Sarja:Colección Monografías Aranzadi, 765
Aiheet:
Tagit: Lisää tagi
Ei tageja, Lisää ensimmäinen tagi!

MARC

LEADER 00000cam a2200000 a 4500
001 UCC9096
003 CL-VaPUC
008 190904e20150000sp |||||||||||||||||spa|d
020 |a 9788490983331 
082 0 4 |a 346.82033  |b LOR  |2 21 
100 0 |a Lorente López, María Cristina  |e author  |9 603943 
245 1 4 |a Los derechos al honor, a la intimidad personal y familiar y a la propia imagen del menor 
250 |a 1a. ed 
300 |a 267 p 
942 |c BK 
945 |d 20190904 15:40:00  |a dcastane 
260 |a Pamplona  |b Aranzadi S.A  |c 2015 
650 0 |a Derecho a la intimidad  |9 256183 
650 0 |a Derechos del niño  |9 258728 
583 |a last modification  |c 20190904 15:40:00  |k Rodrigo Vera 
490 0 |a Colección Monografías Aranzadi, 765 
999 |c 375290  |d 375288 
952 |0 0  |1 0  |3 erb  |4 0  |6 346_820330000000000_LOR_2015  |7 0  |8 WP_COW  |9 561237  |a BIBDER  |b BIBDER  |e Fundación W and P Cowley  |i 5597706  |o 346.82033 LOR 2015  |p 5597706  |r 2023-01-25  |w 2020-03-12  |y BK  |z Catalogado en:20190904  |k WPC